[Event "Deutsche Ländermeisterschaft 2023"]
[Site "Hannover GER"]
[Date "2023.10.02"]
[Round "3"]
[White "Albrecht, Sidney Jenna"]
[Black "Briese, Sophie"]
[Result "0-1"]
[Termination "normal"]
[Board "6.8"]
[WhiteElo "1030"]
[BlackElo "1240"]
[WhiteClock "00:56:08"]
[BlackClock "00:45:07"]
[WhiteTeam "Thüringen"]
[BlackTeam "Mecklenburg-Vorpommern"]
[PlyCount "54"]
[WhiteFideId "34660283"]
[BlackFideId "34660305"]
[EventCountry "GER"]
[EventRounds "7"]
[EventType "team-swiss"]
[EventDate "2023.09.30"]

1. c4 {[%clk 01:30:56]} {[%emt 00:00:03]} e5 {[%clk 01:30:48]} {[%emt
00:00:13]} 2. Nc3 {[%clk 01:31:17]} {[%emt 00:00:09]} d6 {[%clk 01:31:01]}
{[%emt 00:00:17]} 3. g3 {[%clk 01:31:25]} {[%emt 00:00:22]} f5 {[%clk
01:31:11]} {[%emt 00:00:20]} 4. e3 {[%clk 01:30:49]} {[%emt 00:01:06]} Nf6
{[%clk 01:31:13]} {[%emt 00:00:28]} 5. Bg2 {[%clk 01:31:01]} {[%emt 00:00:18]}
Be7 {[%clk 01:30:44]} {[%emt 00:00:59]} 6. Nge2 {[%clk 01:31:01]} {[%emt
00:00:31]} c6 {[%clk 01:30:19]} {[%emt 00:00:55]} 7. O-O {[%clk 01:31:09]}
{[%emt 00:00:21]} O-O {[%clk 01:30:01]} {[%emt 00:00:49]} 8. f4 {[%clk
01:28:25]} {[%emt 00:03:13]} Be6 {[%clk 01:28:21]} {[%emt 00:02:10]} 9. fxe5
{[%clk 01:26:37]} {[%emt 00:02:18]} dxe5 {[%clk 01:28:09]} {[%emt 00:00:42]}
10. b3 {[%clk 01:25:38]} {[%emt 00:01:30]} Nbd7 {[%clk 01:24:51]} {[%emt
00:03:48]} 11. d4 {[%clk 01:23:19]} {[%emt 00:02:49]} exd4 {[%clk 01:20:58]}
{[%emt 00:04:22]} 12. Nxd4 {[%clk 01:22:34]} {[%emt 00:01:15]} Bf7 {[%clk
01:16:48]} {[%emt 00:04:40]} 13. Nxf5 {[%clk 01:20:26]} {[%emt 00:02:38]} Bc5
{[%clk 01:12:33]} {[%emt 00:04:43]} 14. Qd2 {[%clk 01:16:23]} {[%emt 00:04:35]}
Ng4 {[%clk 01:10:35]} {[%emt 00:02:28]} 15. h3 {[%clk 01:13:38]} {[%emt
00:03:15]} Ngf6 {[%clk 01:08:17]} {[%emt 00:02:48]} 16. Bb2 {[%clk 01:12:42]}
{[%emt 00:01:26]} Bg6 {[%clk 01:06:34]} {[%emt 00:02:13]} 17. Ne4 {[%clk
01:10:31]} {[%emt 00:02:40]} Nxe4 {[%clk 01:04:08]} {[%emt 00:02:56]} 18. Bxe4
{[%clk 01:10:45]} {[%emt 00:00:17]} Bxf5 {[%clk 01:00:30]} {[%emt 00:04:08]}
19. Bxf5 {[%clk 01:10:51]} {[%emt 00:00:24]} Qg5 {[%clk 00:54:02]} {[%emt
00:06:57]} 20. Qxd7 {[%clk 01:07:47]} {[%emt 00:03:36]} Qxg3+ {[%clk 00:54:12]}
{[%emt 00:00:19]} 21. Kh1 {[%clk 01:07:37]} {[%emt 00:00:40]} Bd6 {[%clk
00:53:32]} {[%emt 00:01:11]} 22. Rf2 {[%clk 01:05:20]} {[%emt 00:02:47]} Rad8
{[%clk 00:45:25]} {[%emt 00:08:36]} 23. Qxb7 {[%clk 00:59:35]} {[%emt
00:06:16]} Rxf5 {[%clk 00:45:15]} {[%emt 00:00:40]} 24. Rg2 {[%clk 00:58:29]}
{[%emt 00:01:35]} Qxh3+ {[%clk 00:44:26]} {[%emt 00:01:20]} 25. Kg1 {[%clk
00:58:20]} {[%emt 00:00:39]} Qxe3+ {[%clk 00:44:47]} {[%emt 00:00:09]} 26. Kh1
{[%clk 00:58:13]} {[%emt 00:00:36]} Rh5+ {[%clk 00:45:07]} {[%emt 00:00:12]}
27. Rh2 {[%clk 00:56:08]} {[%emt 00:02:34]} Rxh2# {[%emt 00:00:26]} 0-1

[Event "Deutsche Ländermeisterschaft 2023"]
[Site "Hannover GER"]
[Date "2023.10.02"]
[Round "3"]
[White "Tschernatsch, Johannes"]
[Black "Chassard, Cedric"]
[Result "1/2-1/2"]
[Termination "normal"]
[Board "7.1"]
[WhiteTitle "FM"]
[BlackTitle "FM"]
[WhiteElo "2346"]
[BlackElo "2349"]
[WhiteClock "00:03:06"]
[BlackClock "00:03:05"]
[WhiteTeam "Brandenburg"]
[BlackTeam "Saarland & Friends"]
[PlyCount "70"]
[WhiteFideId "16223977"]
[BlackFideId "16243536"]
[EventCountry "GER"]
[EventRounds "7"]
[EventType "team-swiss"]
[EventDate "2023.09.30"]

1. e4 {[%clk 01:30:59]} e5 {[%clk 01:30:49]} {[%emt 00:00:10]} 2. Nf3 {[%clk
01:31:24]} {[%emt 00:00:07]} Nc6 {[%clk 01:31:13]} {[%emt 00:00:05]} 3. Bb5
{[%clk 01:31:37]} {[%emt 00:00:17]} a6 {[%clk 01:31:37]} {[%emt 00:00:06]} 4.
Ba4 {[%clk 01:32:03]} {[%emt 00:00:04]} Nf6 {[%clk 01:32:03]} {[%emt 00:00:04]}
5. O-O {[%clk 01:32:01]} {[%emt 00:00:32]} Be7 {[%clk 01:32:28]} {[%emt
00:00:05]} 6. Re1 {[%clk 01:31:08]} {[%emt 00:01:24]} b5 {[%clk 01:32:51]}
{[%emt 00:00:06]} 7. Bb3 {[%clk 01:31:35]} {[%emt 00:00:03]} O-O {[%clk
01:32:22]} {[%emt 00:01:00]} 8. a4 {[%clk 01:31:45]} {[%emt 00:00:19]} Na5
{[%clk 01:31:02]} {[%emt 00:01:50]} 9. Ba2 {[%clk 01:16:29]} {[%emt 00:15:47]}
d6 {[%clk 01:29:21]} {[%emt 00:02:11]} 10. c3 {[%clk 00:59:30]} {[%emt
00:17:30]} Bb7 {[%clk 01:11:51]} {[%emt 00:17:59]} 11. b4 {[%clk 00:59:34]}
{[%emt 00:00:27]} Nc4 {[%clk 01:03:19]} {[%emt 00:09:02]} 12. d3 {[%clk
00:40:09]} {[%emt 00:19:55]} Nb6 {[%clk 01:03:15]} {[%emt 00:00:32]} 13. axb5
{[%clk 00:39:46]} {[%emt 00:00:56]} axb5 {[%clk 01:03:33]} {[%emt 00:00:11]}
14. Be3 {[%clk 00:36:46]} {[%emt 00:03:29]} Ra6 {[%clk 00:53:38]} {[%emt
00:10:26]} 15. Nbd2 {[%clk 00:33:21]} {[%emt 00:03:56]} h6 {[%clk 00:40:00]}
{[%emt 00:14:08]} 16. Nb3 {[%clk 00:30:38]} {[%emt 00:03:13]} Na4 {[%clk
00:31:49]} {[%emt 00:08:40]} 17. Qc1 {[%clk 00:21:47]} {[%emt 00:09:22]} Bc8
{[%clk 00:25:04]} {[%emt 00:07:15]} 18. Nbd2 {[%clk 00:14:47]} {[%emt
00:07:30]} Ng4 {[%clk 00:20:01]} {[%emt 00:05:33]} 19. Nf1 {[%clk 00:14:12]}
{[%emt 00:01:05]} Be6 {[%clk 00:18:15]} {[%emt 00:02:16]} 20. c4 {[%clk
00:12:33]} {[%emt 00:02:10]} Nb6 {[%clk 00:17:09]} {[%emt 00:01:36]} 21. h3
{[%clk 00:08:35]} {[%emt 00:04:29]} Nf6 {[%clk 00:15:56]} {[%emt 00:01:43]} 22.
N1d2 {[%clk 00:07:50]} {[%emt 00:01:14]} Qa8 {[%clk 00:13:57]} {[%emt
00:02:29]} 23. Bb3 {[%clk 00:08:01]} {[%emt 00:00:18]} Rxa1 {[%clk 00:10:58]}
{[%emt 00:03:30]} 24. Qxa1 {[%clk 00:08:28]} {[%emt 00:00:04]} bxc4 {[%clk
00:11:18]} {[%emt 00:00:10]} 25. dxc4 {[%clk 00:08:19]} {[%emt 00:00:39]} Qb7
{[%clk 00:10:10]} {[%emt 00:01:37]} 26. Qb1 {[%clk 00:08:41]} {[%emt 00:00:08]}
Nbd7 {[%clk 00:08:51]} {[%emt 00:01:50]} 27. Bc2 {[%clk 00:06:29]} {[%emt
00:02:41]} c6 {[%clk 00:07:51]} {[%emt 00:01:30]} 28. Bd3 {[%clk 00:04:22]}
{[%emt 00:02:37]} d5 {[%clk 00:06:59]} {[%emt 00:01:23]} 29. cxd5 {[%clk
00:04:18]} {[%emt 00:00:34]} cxd5 {[%clk 00:07:23]} {[%emt 00:00:06]} 30. exd5
{[%clk 00:04:25]} {[%emt 00:00:22]} Bxd5 {[%clk 00:06:17]} {[%emt 00:01:36]}
31. Bc5 {[%clk 00:02:31]} {[%emt 00:02:24]} Nxc5 {[%clk 00:03:39]} {[%emt
00:03:08]} 32. bxc5 {[%clk 00:02:57]} {[%emt 00:00:04]} Bxc5 {[%clk 00:02:59]}
{[%emt 00:01:10]} 33. Qxb7 {[%clk 00:03:02]} {[%emt 00:00:25]} Bxb7 {[%clk
00:03:28]} {[%emt 00:00:01]} 34. Rxe5 {[%clk 00:02:48]} {[%emt 00:00:44]} Bd6
{[%clk 00:03:32]} {[%emt 00:00:25]} 35. Rb5 {[%clk 00:03:06]} {[%emt 00:00:11]}
Bxf3 {[%clk 00:03:05]} {[%emt 00:00:58]} 1/2-1/2

[Event "Deutsche Ländermeisterschaft 2023"]
[Site "Hannover GER"]
[Date "2023.10.02"]
[Round "3"]
[White "Beyer, Lorenz"]
[Black "Kalina, Lena"]
[Result "1-0"]
[Termination "normal"]
[Board "7.3"]
[WhiteElo "2085"]
[BlackElo "1718"]
[WhiteClock "01:05:14"]
[BlackClock "00:02:54"]
[WhiteTeam "Brandenburg"]
[BlackTeam "Saarland & Friends"]
[PlyCount "99"]
[WhiteFideId "16245393"]
[BlackFideId "12988014"]
[EventCountry "GER"]
[EventRounds "7"]
[EventType "team-swiss"]
[EventDate "2023.09.30"]

1. d4 {[%clk 01:30:50]} {[%emt 00:00:10]} d5 {[%clk 01:30:53]} {[%emt
00:00:07]} 2. Bf4 {[%clk 01:30:37]} {[%emt 00:00:44]} Nf6 {[%clk 01:31:08]}
{[%emt 00:00:15]} 3. e3 {[%clk 01:31:02]} {[%emt 00:00:05]} c5 {[%clk
01:30:32]} {[%emt 00:01:06]} 4. c3 {[%emt 00:01:06]} Nc6 {[%emt 00:00:27]} 5.
Nf3 {[%emt 00:00:24]} Qb6 {[%clk 01:29:26]} {[%emt 00:00:43]} 6. Qc2 {[%emt
00:00:49]} g6 {[%clk 01:28:24]} {[%emt 00:00:47]} 7. Nbd2 {[%emt 00:00:44]} Bf5
{[%clk 01:28:07]} {[%emt 00:00:21]} 8. dxc5 {[%clk 01:32:22]} {[%emt 00:00:15]}
Qxc5 {[%emt 00:00:11]} 9. Qb3 {[%emt 00:02:52]} Qb6 {[%clk 01:25:49]} {[%emt
00:00:19]} 10. Qxb6 {[%clk 01:33:04]} {[%emt 00:00:14]} axb6 {[%clk 01:26:14]}
{[%emt 00:00:05]} 11. Bb5 {[%clk 01:33:23]} {[%emt 00:00:11]} Bg7 {[%clk
01:22:59]} {[%emt 00:03:45]} 12. Ne5 {[%clk 01:20:28]} {[%emt 00:13:24]} Bd7
{[%clk 01:19:33]} {[%emt 00:03:57]} 13. Nxd7 {[%clk 01:19:09]} {[%emt
00:01:50]} Nxd7 {[%clk 01:18:24]} {[%emt 00:01:39]} 14. O-O {[%clk 01:18:21]}
{[%emt 00:01:17]} h5 {[%clk 00:58:32]} {[%emt 00:20:23]} 15. e4 {[%clk
01:12:09]} {[%emt 00:06:41]} dxe4 {[%clk 00:55:31]} {[%emt 00:03:32]} 16. Nxe4
{[%clk 01:12:16]} {[%emt 00:00:23]} Rc8 {[%clk 00:40:30]} {[%emt 00:15:31]} 17.
Rad1 {[%clk 01:09:51]} {[%emt 00:02:54]} Nc5 {[%clk 00:32:55]} {[%emt
00:08:06]} 18. Rfe1 {[%clk 01:07:05]} {[%emt 00:03:15]} O-O {[%clk 00:16:27]}
{[%emt 00:16:58]} 19. Nxc5 {[%clk 01:06:10]} {[%emt 00:01:25]} bxc5 {[%clk
00:16:48]} {[%emt 00:00:08]} 20. Rd7 {[%clk 01:04:55]} {[%emt 00:01:45]} e5
{[%clk 00:11:31]} {[%emt 00:05:48]} 21. Be3 {[%clk 01:04:42]} {[%emt 00:00:43]}
Na5 {[%clk 00:10:34]} {[%emt 00:01:27]} 22. Red1 {[%clk 01:03:41]} {[%emt
00:01:30]} c4 {[%clk 00:08:52]} {[%emt 00:02:14]} 23. Bb6 {[%clk 01:02:53]}
{[%emt 00:01:18]} Ra8 {[%clk 00:08:25]} {[%emt 00:00:57]} 24. Kf1 {[%clk
00:59:38]} {[%emt 00:03:44]} Rfc8 {[%clk 00:05:15]} {[%emt 00:03:40]} 25. Rd8+
{[%clk 00:48:24]} {[%emt 00:11:44]} Rxd8 {[%clk 00:05:37]} {[%emt 00:00:08]}
26. Rxd8+ {[%clk 00:48:52]} {[%emt 00:00:01]} Rxd8 {[%clk 00:06:00]} {[%emt
00:00:07]} 27. Bxd8 {[%clk 00:49:19]} {[%emt 00:00:03]} Nc6 {[%clk 00:06:06]}
{[%emt 00:00:24]} 28. Bxc6 {[%clk 00:49:39]} {[%emt 00:00:10]} bxc6 {[%clk
00:06:32]} {[%emt 00:00:04]} 29. a4 {[%clk 00:50:07]} {[%emt 00:00:02]} Bf8
{[%clk 00:02:56]} {[%emt 00:04:06]} 30. a5 {[%clk 00:50:03]} {[%emt 00:00:34]}
Bd6 {[%clk 00:02:43]} {[%emt 00:00:43]} 31. Bb6 {[%clk 00:50:17]} {[%emt
00:00:16]} Bb8 {[%clk 00:02:34]} {[%emt 00:00:39]} 32. a6 {[%clk 00:50:40]}
{[%emt 00:00:07]} f5 {[%clk 00:02:29]} {[%emt 00:00:36]} 33. a7 {[%clk
00:51:05]} {[%emt 00:00:05]} Bxa7 {[%clk 00:02:56]} {[%emt 00:00:02]} 34. Bxa7
{[%emt 00:00:03]} Kf7 {[%clk 00:03:20]} {[%emt 00:00:05]} 35. Ke2 {[%clk
00:51:38]} {[%emt 00:00:26]} Ke6 {[%clk 00:01:56]} {[%emt 00:01:54]} 36. Ke3
{[%clk 00:51:47]} {[%emt 00:00:20]} Kd5 {[%clk 00:01:00]} {[%emt 00:01:27]} 37.
g3 {[%clk 00:51:11]} {[%emt 00:01:06]} g5 {[%clk 00:00:44]} {[%emt 00:00:46]}
38. Bb6 {[%clk 00:45:46]} {[%emt 00:05:55]} g4 {[%clk 00:00:39]} {[%emt
00:00:35]} 39. Bc7 {[%clk 00:45:44]} {[%emt 00:00:32]} c5 {[%clk 00:00:45]}
{[%emt 00:00:25]} 40. Bb8 {[%clk 00:44:52]} {[%emt 00:01:22]} Ke6 {[%clk
00:00:44]} {[%emt 00:00:31]} 41. Kd2 {[%clk 00:43:34]} {[%emt 00:01:48]} Kd5
{[%clk 00:26:37]} {[%emt 00:04:37]} 42. Ba7 {[%clk 01:11:24]} {[%emt 00:02:41]}
Kc6 {[%clk 00:11:21]} {[%emt 00:15:46]} 43. b4 {[%clk 01:06:12]} {[%emt
00:05:42]} cxb3 {[%clk 00:07:28]} {[%emt 00:04:23]} 44. c4 {[%clk 01:06:21]}
{[%emt 00:00:20]} f4 {[%clk 00:06:28]} {[%emt 00:01:30]} 45. Bb8 {[%clk
01:05:31]} {[%emt 00:01:20]} fxg3 {[%clk 00:06:35]} {[%emt 00:00:24]} 46. hxg3
{[%clk 01:05:55]} {[%emt 00:00:06]} e4 {[%clk 00:06:28]} {[%emt 00:00:38]} 47.
Be5 {[%clk 01:04:49]} {[%emt 00:01:35]} Kd7 {[%clk 00:02:58]} {[%emt 00:04:00]}
48. Ke3 {[%clk 01:04:44]} {[%emt 00:00:35]} Ke7 {[%clk 00:02:29]} {[%emt
00:00:59]} 49. Kxe4 {[%clk 01:05:03]} {[%emt 00:00:10]} Ke6 {[%clk 00:02:54]}
{[%emt 00:00:06]} 50. Bb2 {[%clk 01:05:14]} {[%emt 00:00:19]} 1-0

[Event "Deutsche Ländermeisterschaft 2023"]
[Site "Hannover GER"]
[Date "2023.10.02"]
[Round "3"]
[White "Unbehend, Marius"]
[Black "Hoffmann, Kay"]
[Result "0-1"]
[Termination "normal"]
[Board "7.4"]
[WhiteElo "1595"]
[BlackElo "2064"]
[WhiteClock "00:49:45"]
[BlackClock "01:19:50"]
[WhiteTeam "Saarland & Friends"]
[BlackTeam "Brandenburg"]
[PlyCount "34"]
[WhiteFideId "16214420"]
[BlackFideId "16227000"]
[EventCountry "GER"]
[EventRounds "7"]
[EventType "team-swiss"]
[EventDate "2023.09.30"]

1. e4 {[%clk 01:30:59]} e5 {[%clk 01:30:47]} {[%emt 00:00:13]} 2. d4 {[%clk
01:31:26]} {[%emt 00:00:03]} exd4 {[%clk 01:31:11]} {[%emt 00:00:06]} 3. Qxd4
{[%clk 01:31:51]} {[%emt 00:00:05]} Nc6 {[%clk 01:31:33]} {[%emt 00:00:07]} 4.
Qe3 {[%clk 01:32:16]} {[%emt 00:00:05]} Nf6 {[%clk 01:31:57]} {[%emt 00:00:07]}
5. Nc3 {[%clk 01:32:35]} {[%emt 00:00:11]} Bb4 {[%clk 01:32:22]} {[%emt
00:00:05]} 6. Bd2 {[%clk 01:32:58]} {[%emt 00:00:07]} O-O {[%clk 01:32:43]}
{[%emt 00:00:08]} 7. O-O-O {[%clk 01:33:12]} {[%emt 00:00:17]} Re8 {[%clk
01:32:41]} {[%emt 00:00:32]} 8. f3 {[%clk 01:20:56]} {[%emt 00:12:47]} d5
{[%clk 01:22:57]} {[%emt 00:10:13]} 9. Be1 {[%clk 01:20:29]} {[%emt 00:00:57]}
d4 {[%clk 01:23:00]} {[%emt 00:00:27]} 10. Qf2 {[%clk 01:20:32]} {[%emt
00:00:27]} Qe7 {[%clk 01:22:45]} {[%emt 00:00:45]} 11. Nb5 {[%clk 01:08:16]}
{[%emt 00:12:46]} Bc5 {[%clk 01:22:15]} {[%emt 00:01:00]} 12. Qg3 {[%clk
01:08:00]} {[%emt 00:00:46]} a6 {[%clk 01:21:44]} {[%emt 00:01:01]} 13. b4
{[%clk 00:50:56]} {[%emt 00:17:34]} axb5 {[%clk 01:19:53]} {[%emt 00:02:20]}
14. bxc5 {[%clk 00:51:13]} {[%emt 00:00:14]} Qxc5 {[%clk 01:20:12]} {[%emt
00:00:11]} 15. Rd3 {[%clk 00:50:09]} {[%emt 00:01:33]} Rxa2 {[%clk 01:20:08]}
{[%emt 00:00:34]} 16. Qf2 {[%clk 00:50:09]} {[%emt 00:00:30]} Ra1+ {[%clk
01:19:32]} {[%emt 00:01:06]} 17. Kb2 {[%clk 00:49:45]} {[%emt 00:00:54]} Qa7
{[%clk 01:19:50]} {[%emt 00:00:12]} 0-1

[Event "Deutsche Ländermeisterschaft 2023"]
[Site "Hannover GER"]
[Date "2023.10.02"]
[Round "3"]
[White "Dodul, Arthur"]
[Black "Mukazhanov, Mansur"]
[Result "0-1"]
[Termination "normal"]
[Board "7.5"]
[WhiteElo "1604"]
[BlackElo "1761"]
[WhiteClock "00:22:13"]
[BlackClock "01:25:16"]
[WhiteTeam "Brandenburg"]
[BlackTeam "Saarland & Friends"]
[PlyCount "100"]
[WhiteFideId "34609016"]
[BlackFideId "13752324"]
[EventCountry "GER"]
[EventRounds "7"]
[EventType "team-swiss"]
[EventDate "2023.09.30"]

1. e4 {[%clk 01:30:38]} {[%emt 00:00:21]} e6 {[%clk 01:30:52]} {[%emt
00:00:09]} 2. d4 {[%clk 01:30:26]} {[%emt 00:00:41]} d5 {[%clk 01:31:14]}
{[%emt 00:00:07]} 3. Nc3 {[%clk 01:30:04]} {[%emt 00:00:52]} Bb4 {[%clk
01:31:36]} {[%emt 00:00:08]} 4. exd5 {[%clk 01:30:15]} {[%emt 00:00:20]} exd5
{[%clk 01:31:42]} {[%emt 00:00:23]} 5. Bd3 {[%clk 01:30:03]} {[%emt 00:00:42]}
Nf6 {[%clk 01:31:49]} {[%emt 00:00:25]} 6. Nge2 {[%clk 01:30:16]} {[%emt
00:00:16]} O-O {[%clk 01:31:59]} {[%emt 00:00:20]} 7. O-O {[%clk 01:30:39]}
{[%emt 00:00:08]} c6 {[%clk 01:25:43]} {[%emt 00:06:45]} 8. Bg5 {[%clk
01:30:05]} {[%emt 00:01:05]} Be6 {[%clk 01:24:13]} {[%emt 00:01:59]} 9. Nf4
{[%clk 01:28:31]} {[%emt 00:02:05]} Nbd7 {[%clk 01:23:54]} {[%emt 00:00:49]}
10. Re1 {[%clk 01:26:52]} {[%emt 00:02:10]} Re8 {[%clk 01:23:59]} {[%emt
00:00:25]} 11. Qf3 {[%clk 01:26:29]} {[%emt 00:00:48]} Qb6 {[%clk 01:21:46]}
{[%emt 00:02:46]} 12. Nxe6 {[%clk 01:17:12]} {[%emt 00:09:49]} fxe6 {[%clk
01:22:04]} {[%emt 00:00:11]} 13. Rad1 {[%clk 01:05:31]} {[%emt 00:12:12]} Bd6
{[%clk 01:19:47]} {[%emt 00:02:47]} 14. Qh3 {[%clk 00:47:03]} {[%emt 00:18:52]}
e5 {[%clk 01:19:30]} {[%emt 00:00:52]} 15. Bxh7+ {[%clk 00:34:00]} {[%emt
00:13:34]} Nxh7 {[%clk 01:18:48]} {[%emt 00:01:11]} 16. Qxd7 {[%clk 00:34:27]}
{[%emt 00:00:04]} Nxg5 {[%clk 01:19:04]} {[%emt 00:00:14]} 17. Qxd6 {[%clk
00:34:48]} {[%emt 00:00:08]} Re6 {[%clk 01:19:12]} {[%emt 00:00:21]} 18. Qc5
{[%clk 00:34:10]} {[%emt 00:01:09]} exd4 {[%clk 01:18:57]} {[%emt 00:00:46]}
19. Na4 {[%clk 00:32:40]} {[%emt 00:02:01]} Qc7 {[%clk 01:16:44]} {[%emt
00:02:42]} 20. Qxd4 {[%clk 00:31:07]} {[%emt 00:02:04]} Rh6 {[%clk 01:15:53]}
{[%emt 00:01:20]} 21. Qe5 {[%clk 00:30:45]} {[%emt 00:00:50]} Qd8 {[%clk
01:11:29]} {[%emt 00:04:57]} 22. Re3 {[%clk 00:28:56]} {[%emt 00:02:15]} Ne6
{[%clk 01:06:12]} {[%emt 00:05:50]} 23. Rg3 {[%clk 00:19:27]} {[%emt 00:10:00]}
Rf6 {[%clk 01:06:32]} {[%emt 00:00:09]} 24. h3 {[%clk 00:18:46]} {[%emt
00:01:11]} Qf8 {[%clk 01:06:44]} {[%emt 00:00:15]} 25. Rf1 {[%clk 00:10:23]}
{[%emt 00:08:55]} Nf4 {[%clk 01:06:48]} {[%emt 00:00:26]} 26. Re3 {[%clk
00:09:14]} {[%emt 00:01:40]} Re6 {[%clk 01:06:33]} {[%emt 00:00:45]} 27. Qd4
{[%clk 00:06:16]} {[%emt 00:03:21]} Ne2+ {[%clk 01:06:50]} {[%emt 00:00:20]}
28. Rxe2 {[%clk 00:06:43]} {[%emt 00:00:04]} Rxe2 {[%clk 01:07:13]} {[%emt
00:00:07]} 29. Qc3 {[%clk 00:06:30]} {[%emt 00:00:41]} Rae8 {[%clk 01:05:49]}
{[%emt 00:01:55]} 30. Nc5 {[%clk 00:06:35]} {[%emt 00:00:18]} b6 {[%clk
01:05:33]} {[%emt 00:00:54]} 31. Nd3 {[%clk 00:06:51]} {[%emt 00:00:15]} c5
{[%clk 01:05:54]} {[%emt 00:00:09]} 32. b3 {[%clk 00:06:48]} {[%emt 00:00:33]}
Qd6 {[%clk 01:04:27]} {[%emt 00:01:56]} 33. a4 {[%clk 00:05:56]} {[%emt
00:01:23]} a5 {[%clk 01:04:18]} {[%emt 00:00:38]} 34. g3 {[%clk 00:04:55]}
{[%emt 00:01:32]} Qd7 {[%clk 01:03:36]} {[%emt 00:01:11]} 35. Nf4 {[%clk
00:04:35]} {[%emt 00:00:51]} R2e5 {[%clk 01:03:32]} {[%emt 00:00:33]} 36. Kg2
{[%clk 00:04:32]} {[%emt 00:00:35]} Qc6 {[%clk 01:03:00]} {[%emt 00:01:01]} 37.
Kh2 {[%clk 00:04:34]} {[%emt 00:00:29]} Qf6 {[%clk 01:01:40]} {[%emt 00:01:48]}
38. Qd2 {[%clk 00:04:16]} {[%emt 00:00:48]} d4 {[%clk 01:01:04]} {[%emt
00:01:07]} 39. Qd1 {[%clk 00:03:47]} {[%emt 00:00:59]} Qc6 {[%clk 00:59:27]}
{[%emt 00:02:06]} 40. Kg1 {[%clk 00:02:47]} {[%emt 00:01:31]} Rf8 {[%clk
00:56:55]} {[%emt 00:03:01]} 41. Qd3 {[%clk 00:01:24]} {[%emt 00:01:52]} Rg5
{[%clk 00:55:52]} {[%emt 00:01:35]} 42. Qc4+ {[%clk 00:01:08]} {[%emt
00:00:45]} Rf7 {[%clk 00:56:15]} {[%emt 00:00:06]} 43. Re1 {[%clk 00:30:22]}
{[%emt 00:01:17]} Qf6 {[%clk 01:25:51]} {[%emt 00:00:54]} 44. Kh2 {[%clk
00:29:33]} {[%emt 00:01:18]} Kh7 {[%clk 01:25:27]} {[%emt 00:00:55]} 45. Qe2
{[%clk 00:24:16]} {[%emt 00:05:44]} Rf5 {[%clk 01:24:10]} {[%emt 00:01:50]} 46.
Qg4 {[%clk 00:23:32]} {[%emt 00:01:14]} g5 {[%clk 01:23:56]} {[%emt 00:00:45]}
47. Re6 {[%clk 00:23:06]} {[%emt 00:00:56]} Qxe6 {[%clk 01:24:17]} {[%emt
00:00:08]} 48. Qh5+ {[%clk 00:22:08]} {[%emt 00:01:28]} Qh6 {[%clk 01:24:37]}
{[%emt 00:00:10]} 49. Qxh6+ {[%clk 00:21:45]} {[%emt 00:00:54]} Kxh6 {[%clk
01:24:55]} {[%emt 00:00:12]} 50. Ng2 {[%clk 00:22:13]} {[%emt 00:00:02]} Rxf2
{[%clk 01:25:16]} {[%emt 00:00:08]} 0-1